000 00641nam a2200265Ia 4500
005 20260121170314.0
008 008 260114s9999 xx 000 0 eng d
020 _a9783319704340
037 _aEBOOK
040 _aCRL
040 _beng
040 _cCRL
041 _2eng
041 _aeng
084 _qCRL
100 _aAnnette Froehlich
_91062272
245 2 _aA Fresh View on the Outer Space Treaty
260 _bSpringer
260 _bSpringer
260 _c2018
856 _uhttps://link.springer.com/openurl?genre=book&isbn=978-3-319-70434-0
942 _cEBOOK
999 _c1628001
_d1628001